Quizzes
Events
Quiz Creation
Community
Videos
Private Events
Remove Ads
Sign In
Join for FREE
Feedback
Dark Mode
Quiz Categories
Sports
Geography
Music
Movies
Television
Just For Fun
Miscellaneous
History
Literature
Language
Science
Gaming
Entertainment
Religion
Holiday
For Kids
Quiz Lab
Recent
Popular Today
Quiz Kudos Today
Editor Picks
Curator Picks
Quizzes by...
Day
Popularity
Type
Ratings
Length
Year
Community
Subscriptions
Recent Discussions
Orange Saloon
Badges
Playlists
Quests
Create
Leaderboards
Showdown
Live 5
Trivia Bingo
Activity
Puzzle Library
Sporcle Events
Private Events
Virtual Trivia
Globe League
Become a Host
Pub Owners
SporcleCon
Opinionation
Our Games
Videos
Blog
Mobile Apps
Partnerships
Remove Ads and Go Orange
Feedback
Science
Computer
Plants
Astronomy
Chemistry
Elements
Math
Animal
Physics
Anatomy
Biology
Geology
General Science
Science
Computer
Plants
Astronomy
Chemistry
Elements
Math
Animal
Physics
Anatomy
Biology
Geology
General Science
Random Quiz
Search Sporcle
×
Quiz Lab
Quiz Lab
Science
limb
Type in answers that appear in a list
Type in answers that appear in a list
Classic
Best Score? Go Orange.
Muscle Origin & Insertions Felis front limb Stats
Can you name the Muscle Origin & Insertions Felis front limb?
By
ValarMorghulis2
20m
24 Questions
156 Plays
156 Plays
156 Plays
Comments
Comments
Give Quiz Kudos
Give Quiz Kudos
-
- Ratings
hide this ad
Forced Order
Answers have to be entered in order
Answers have to be entered in order
Replay
Link that replays current quiz
Next Quiz
Link to next quiz in quiz playlist
You Got
0%
They Got
Avg Score
75%
Avg Friend Score
Upgrade to see
Score Distribution
Jump to the score distribution portion of the page
Score
0/24
Timer
20:00
0
Plays Today
Muscle
Origin/Insertion
% Correct
Triceps brachii: long head
humerus
92.9%
Triceps brachii: long head
olecranon of ulna
90.4%
Triceps brachii: lateral head
olecranon of ulna
89.1%
Triceps brachii: lateral head
deltoid ridge of humerus
86.5%
Triceps brachii: medial head
olecranon of ulna
86.5%
Brachioradialis
styloid process of the radius
85.3%
Extensor carpi radialis brevis
lateral epicondyle of the humerus
85.3%
Triceps brachii: medial head
axillary border of scapula
84.6%
Biceps brachii
glenoid cavity of scapula
84%
Biceps brachii
radial tuberosity of radius
84%
Extensor carpi radialis longus
lateral epicondyle of the humerus
84%
Extensor digitorum communis
lateral epicondyle of the humerus
83.3%
Muscle
Origin/Insertion
% Correct
Extensor carpi radialis brevis
proximal ends of metacarpal III
80.1%
Brachioradialis
middle of humerus
79.5%
Extensor carpi radialis longus
proximal ends of metacarpal II
78.8%
Extensor digitorum lateralis (of the antebrachium)
distal portion of the humerus
76.9%
Flexor carpi radialis
medial epicondyle of humerus
73.7%
Abductor pollicis longus
lateral surface of the ulna and medial aspect of the radius
68.6%
Extensor digitorum communis
splits into four tendons that insert on the terminal phalanges II-V
66.7%
Flexor digitorum superficialis (of the forearm)
medial epicondyle of humerus and surface of flexor digitorum profundus
62.8%
Flexor digitorum superficialis (of the forearm)
splits into tendons to digits II-V
55.8%
Extensor digitorum lateralis (of the antebrachium)
split into tendons that merge with extensor digitorum communis tendons
55.1%
Flexor carpi radialis
forms a long tendon that inserts on the proximal ends of metacarpals II and III
51.9%
Abductor pollicis longus
tendon crosses over the tendons of extensor carpi radialis to insert metacarpal I
22.4%
Quiz Playlist
Details
Report
Send in Message
Add To Playlist
Classic:
Type in answers that appear in a list
Forced Order:
Answers have to be entered in order
Last Updated: Feb 16, 2017
Quiz Scoreboard
CHALLENGE
Sign Up to Join the Scoreboard
Show All
Scores
Hide
Comments
May contain spoilers
Recently Published
Movies - When Are They Set?
by FPL_Elf
Movies
5m
Popular People in 1961
by mucciniale
History
6m
1-10 Letter E Words III
by El_Dandy
Language
2m
More to Explore
Quiz From the Vault
Featured Blog Post
Where Did the Easter Bunny Come From?
hide this ad
You Might Also Like...
Tags
felt
front
limb
muscle
origin
Today's Top Quizzes in Science
Browse Science
hide this ad
Top Contributed Quizzes in Science
1
One Thing in Common: Science III
2
Quick Pick: 'CI-CJ' Animals
3
Quick Pick: Radians
4
One Thing in Common: Science
5
Sporcle Puzzle Hunt: Science
6
One Thing in Common: Science II
7
Elements In Images
8
Square Numbers Scrambled (1-50)
9
1 to 50
10
Glycolysis
Explore More
Trending Topics
Crossword
Anime
Kpop
Harry Potter
Disney
Marvel
NBA
Soccer
Pokémon
The Office
NFL
Puzzle
WWE
Song
Country
hide this ad
More By:
ValarMorghulis2
Quiz
Plays
Rating
Category
Featured
Created
Muscle Origin & Insertions Felis Hindlimb
215
5.00
Science
Oct 13, 2012
Muscle Origin & Insertions Felis body
163
Science
Oct 13, 2012
Muscle Origin & Insertions Felis front limb
156
1.00
Science
Oct 13, 2012
Muscle Origin & Insertions Felis Lower Hindlimb
121
Science
Oct 13, 2012
Medial Hindlimb Deep Cat Musculature
76
Science
Oct 12, 2012
Go to Creator's Profile
Score Distribution
Quiz Creator Spotlight
ValarMorghulis2
Follow
Send a Message
Quizzes Created
-
Created Quiz Play Count
-
More By This Creator
Popular Quizzes Today
1
Find the US States - No Outlines Minefield
2
Find the Countries of Europe - No Outlines Minefield
3
The Countries of the World
4
Popular People in 1961
5
1-10 Letter E Words III
6
US States
7
Find the US States
8
One Thing in Common: World Cities II
More Science Quizzes
One Thing in Common: Science
Editor's Pick
Trending Quizzes
Risky Map Clicking: Least Populous States A-Z
1-10 Letter F Words
Humor Books: The Subtitles
1-10 Letter G Words
One Thing in Common: United Kingdom
Recently Updated
Leaping Animals
pecheneg
Reality TV Shows (A-Z)
bhenderson79
Rickey Henderson's Hall of Fame Teammates
pecheneg
Champions League XIs: Arsenal
pecheneg
Quick Pick: Celebrities in WWE's Hall of Fame
aduchscher
A-Z Keypad Blitz II
pecheneg
Multiple Oscar Actors
pecheneg
Mystery Phrase Blitz: Oscar 'Best Actors'
pecheneg
F. Scott Fitzgerald Novels
LTH
Pick 3 Villains
ddd62291
Trending Topics
NBA
Disney
Anime
Harry Potter
Kpop
Marvel
Crossword
Country
The Office
Song
Pokémon
NFL
Puzzle
WWE
Soccer
Your Account Isn't Verified!
In order to create a playlist on Sporcle, you need to verify the email address you used during registration. Go to your
Sporcle Settings
to finish the process.
Report this User
Report this user for behavior that violates our
Community Guidelines
.
Details:
Send Report
Go to the Sporcle.com Mobile Site →
Comments